Nationalities of the World Quiz - Statistics

General Stats
  • This quiz has been taken 29 times
  • The average score is 89 of 188
Answer Stats
Nationality % Correct
British
88%
American
81%
French
81%
Spaniard, Spanish
81%
Irish
77%
Swede, Swedish
77%
Turk, Turkish
77%
Canadian
73%
Dane, Danish
73%
German
73%
Pole, Polish
73%
Australian, Aussie
69%
Belgian
69%
Chinese
69%
Estonian
69%
Indian
69%
Italian
69%
Mexican
69%
Russian
69%
Armenian
65%
Azerbaijani
65%
Bosnian & Herzegovinian
65%
Bulgarian
65%
Croatian
65%
Dutch
65%
Japanese
65%
Lithuanian
65%
Pakistani
65%
Portuguese
65%
Romanian
65%
Swiss
65%
Thai
65%
Andorran
62%
Argentine, Argentinian
62%
Austrian
62%
Belarusian
62%
Brazilian
62%
Finn, Finnish
62%
Icelander, Icelandic
62%
Iraqi
62%
Israeli
62%
Korean
62%
Latvian
62%
Maltese
62%
Norwegian
62%
Saudi
62%
Serb, Serbian
62%
Slovene
62%
Taiwanese
62%
Afghan
58%
Algerian
58%
Bolivian
58%
Cambodian
58%
Chilean
58%
Egyptian
58%
Greek
58%
Indonesian
58%
Iranian
58%
Malaysian
58%
Omani
58%
Peruvian
58%
Slovak
58%
South African
58%
Sri Lankan
58%
Sudanese
58%
Ukrainian
58%
Vietnamese
58%
Yemeni
58%
Zambian
58%
Angolan
54%
Burmese
54%
Cuban
54%
Ecuadorian
54%
Fijian
54%
Georgian
54%
Guatemalan
54%
Kazakh
54%
Lao
54%
Mongolian
54%
New Zealander, Kiwi
54%
Nicaraguan
54%
Qatari
54%
Singaporean
54%
Somali
54%
Tanzanian
54%
Ugandan
54%
Uruguayan
54%
Uzbek
54%
Zimbabwean
54%
Albanian
50%
Bangladeshi
50%
Colombian
50%
Cypriot
50%
Czech
50%
Hungarian
50%
Jamaican
50%
Kenyan
50%
Kuwaiti
50%
Macedonian
50%
Moldovan
50%
Nigerien
50%
Paraguayan
50%
Bhutanese
46%
Cameroonian
46%
Costa Rican
46%
Ethiopian
46%
Filipino
46%
Gambian
46%
Guinean
46%
Lebanese
46%
Malawian
46%
Malian
46%
Moroccan
46%
Namibian
46%
Rwandan
46%
Samoan
46%
Senegalese
46%
Syrian
46%
Tajik
46%
Trinidadian & Tobagonian
46%
Tunisian
46%
Venezuelan
46%
Antiguan & Barbudan
42%
Bahraini
42%
Belizean
42%
Chadian
42%
Congolese
42%
Dominican (Commonwealth)
42%
Dominican (Republic)
42%
Haitian
42%
Honduran
42%
Liberian
42%
Libyan
42%
Mauritanian
42%
Mauritian
42%
Micronesian
42%
Tongan
42%
Burundian
38%
Cape Verdean
38%
Djiboutian
38%
Eritrean
38%
Gabonese
38%
Jordanian
38%
Montenegrin
38%
Nepalese
38%
Swazi
38%
Bruneian
35%
Guyanese
35%
Kyrgyz
35%
Maldivian
35%
Palauan
35%
Sierra Leonean
35%
Surinamese
35%
Barbadian
31%
Panamanian
31%
Bahamian
27%
Emirati
27%
Grenadian
27%
Saint Lucian
27%
Solomon Islander
27%
Beninese
23%
Papua New Guinean
23%
East Timorese
19%
Ghanaian
19%
Kosovar
19%
São Toméan
19%
Vanuatuan
19%
Comorian
15%
Malagasy
15%
Marshallese
15%
Saint Vincentian, Vincentian
15%
Seychellois
15%
Togolese
15%
Tuvaluan
15%
Luxembourger
12%
Mozambican
12%
Salvadoran
12%
Bissau-Guinean
8%
Burkinabé
8%
I-Kiribati
8%
Leichtensteiner
8%
Sotho
8%
Equatoguinean
4%
Kittitian & Nevisian
4%
Nauran
4%
Batswana, Motswana
0%
Ivoirian
0%
Niergian
0%
No matching quizzes found
Score Distribution
Percent of People with Each Score
Percentile by Number Answered
Your Score History
You have not taken this quiz